| 000 | 00440nam a22001577a 4500 | ||
|---|---|---|---|
| 999 |
_c1547 _d1547 |
||
| 008 | 200127b ||||| |||| 00| 0 eng d | ||
| 020 | _a0-333-62022-4 | ||
| 082 | 0 | 0 |
_a510.2462 _bS9252 |
| 100 |
_91183 _aStroud, K. A. |
||
| 245 | 1 | 0 |
_aEngineering mathematics: programs and problems / _cby K. A. Stroud |
| 250 | _a4th ed. | ||
| 260 |
_aLondon _bMcMillan _cc1995. |
||
| 300 | _axxii, 1032 p. | ||
| 650 | 0 | _aEngineering Mathematics | |
| 942 | _cBK | ||